San Ignacio de Loyola. Traducción castellana de la 3a. edición francesa por el Padre Joaquín Cardoso, S.J.
Uloženo v:
| Hlavní autor: | |
|---|---|
| Médium: | Kniha |
| Jazyk: | španělština |
| Vydáno: |
Ciudad de México
Buena Prensa
1945
|
| Vydání: | 4a. ed |
| Témata: | |
| Tagy: |
Přidat tag
Žádné tagy, Buďte první, kdo vytvoří štítek k tomuto záznamu!
|
MARC
| LEADER | 00000nam a2200000 a 4500 | ||
|---|---|---|---|
| 001 | UCJ5105 | ||
| 003 | CL-VaPUC | ||
| 008 | 070124e19450527MX |||||||||||||||||spa|d | ||
| 082 | 0 | 4 | |a 922 |b LOY |2 21 |
| 100 | 0 | |a Dudon, S.J., Pablo |e author |9 509892 | |
| 245 | 1 | 0 | |a San Ignacio de Loyola. Traducción castellana de la 3a. edición francesa por el Padre Joaquín Cardoso, S.J. |
| 250 | |a 4a. ed | ||
| 300 | |a 569 p | ||
| 942 | |c BK | ||
| 945 | |d 20070124 00:00:00 |a rinostro | ||
| 260 | |a Ciudad de México |b Buena Prensa |c 1945 | ||
| 500 | |a Front. y p. 310, retratos de San Ignacio | ||
| 600 | 0 | 7 | |a LOYOLA, IGNACIO DE |2 CL-VaPUC |9 509893 |
| 650 | 7 | |a BIOGRAFIA |2 CL-VaPUC |9 504622 | |
| 650 | 0 | |a Órdenes religiosas |9 257499 | |
| 650 | 0 | |a Jesuitas |9 268366 | |
| 650 | 0 | |a Iconografía |9 267998 | |
| 650 | 7 | |a DOCUMENTOS |2 CL-VaPUC |9 366450 | |
| 650 | 7 | |a MARCA TIPOGRAFICA |2 CL-VaPUC |9 506100 | |
| 583 | |a last modification |c 20070124 00:00:00 |k Rodrigo Vera | ||
| 999 | |c 321218 |d 321216 | ||
| 952 | |0 0 |1 0 |4 0 |6 922_000000000000000_LOY_1945 |7 0 |8 X |9 399910 |a FDOBUD |b FDOBUD |d 2019-11-22 |i 1030140 |o 922 LOY 1945 |p 1030140 |r 2019-11-22 |w 2019-11-22 |y BK_X |k BUD | ||